000 00532nam a2200181Ia 4500
008 100917s9999 xx 000 0 und d
082 _b6582
100 _aबापट प्र. वा. / गोडबोले ना. वा.
245 _aमराठी कादंबरी
260 _b---
_c1938
300 _a384
365 _b7.5
520 _aनिबंध
630 _aमराठी कादंबरी
650 _aनिबंध
730 _aमराठी कादंबरी
942 _cBOOK
999 _c611976
_d611973